Desert winds : monitoring wind-related surface processes in Arizona, New Mexico, and California /

Bibliographic Details
Other Authors: Breed, Carol S., Reheis, Marith C.
Format: Government Document Book
Language:English
Published: Washington : Reston, Va : U.S. G.P.O. ; U.S. Geological Survey ; 1999.
Series:U.S. Geological Survey professional paper ; 1598.
Subjects:
Online Access:https://purl.fdlp.gov/GPO/LPS21278

MARC

Tag First Indicator Second Indicator Subfields
LEADER 00000cam a2200000 a 4500
001 in00000004512
008 980504s1999 dcuab b f000 0 eng
005 20230309222525.3
010 |a  98007864  
035 |a (OCoLC)ocm39189763 
035 |9 AJH2037AM 
035 |a in00000004512 
040 |a DLC  |c DLC  |d GPO  |d AGL  |d GPO  |d DLC  |d MvI  |d UtOrBLW 
043 |a n-us-az  |a n-us-nm  |a n-us-ca 
049 |a UDOC 
049 |a WWW 
050 0 0 |a QE597  |b .D47 1999 
070 0 |a 407  |b G29Pr no.1598 
072 0 |a P200 
074 |a 0624 
074 |a 0624 (online) 
082 0 0 |a 551.3/7  |2 21 
086 0 |a I 19.16:1598 
245 0 0 |a Desert winds :  |b monitoring wind-related surface processes in Arizona, New Mexico, and California /  |c by Carol S. Breed and Marith C. Rehais, editors. 
264 1 |a Washington :  |b U.S. G.P.O. ;  |a Reston, Va :  |b U.S. Geological Survey ;  |c 1999. 
264 2 |a Denver, CO :  |b For sale by U.S. Geological Survey, Information Services, 
300 |a viii, 153 pages :  |b illustrations, maps ;  |c 28 cm. 
336 |a text  |b txt  |2 rdacontent 
337 |a unmediated  |b n  |2 rdamedia 
338 |a volume  |b nc  |2 rdacarrier 
490 1 |a U.S. Geological Survey professional paper ;  |v 1598 
500 |a "Department of the Interior, U.S. Geological Survey"--Title page verso. 
500 |a Shipping list number: 99-0237-P. 
504 |a Includes bibliographical references. 
530 |a Also available via Internet from the USGS web site. Address as of 9/14/02: http://greenwood.cr.usgs.gov/pub/ppapers/p1598; current access is available via PURL. 
650 0 |a Eolian processes  |z Arizona. 
650 0 |a Eolian processes  |z New Mexico. 
650 0 |a Eolian processes  |z California. 
700 1 |a Breed, Carol S. 
700 1 |a Reheis, Marith C. 
830 0 |a U.S. Geological Survey professional paper ;  |v 1598. 
856 4 1 |u https://purl.fdlp.gov/GPO/LPS21278  |t 0 
999 |a MARS 
999 f f |i b862bdbf-e9f5-3640-ad0f-348195bb7f9f  |s 588380ad-e2ef-351d-8205-e2776b6f8836  |t 0 
952 f f |p normal  |a Texas A&M University  |b College Station  |c Sterling C. Evans Library  |d Evans: US Documents (Annex 5th floor)  |t 0  |e I 19.16:1598  |h Superintendent of Documents classification  |i unmediated -- volume  |m A14824512678 
952 f f |a Texas A&M University  |b College Station  |c Electronic Resources  |d Available Online  |t 0  |e I 19.16:1598  |h Superintendent of Documents classification 
998 f f |a I 19.16:1598  |t 0  |l Evans: US Documents (Annex 5th floor) 
998 f f |a I 19.16:1598  |t 0  |l Available Online